[Event "Bernardo Smith Memorial"]
[Site "San Francisco"]
[Date "2005.08.20"]
[Round "1"]
[White "Dailey, Sean"]
[Black "Vayntrub, Dmitry"]
[Result "0-1"]
[WhiteElo "1839"]
[BlackElo "2075"]
[PlyCount "96"]
[EventDate "2005.08.20"]
[EventType "swiss"]
[EventRounds "6"]
[EventCountry "USA"]

1. Nf3 c5 2. d4 cxd4 3. Nxd4 Nc6 4. g3 g6 5. Bg2 Bg7 6. Nf3 Nf6 7. c4 O-O 8.
O-O d6 9. Nc3 Be6 10. Nd2 Na5 11. Rb1 Nd7 12. Nd5 Ne5 13. b3 Bf5 14. Ne4 Nac6
15. Bg5 h6 16. Bd2 Rb8 17. Ne3 Be6 18. Nc3 Qd7 19. Ned5 Bh3 20. Qc1 Bxg2 21.
Kxg2 h5 22. Bh6 Ng4 23. Bxg7 Kxg7 24. Qd2 f6 25. Rbd1 Rh8 26. h4 Nh6 27. f4 Ng4
28. Ne4 Qe6 29. Nf2 Nxf2 30. Rxf2 Rbc8 31. Qd3 b6 32. e4 Qf7 33. Re1 Rhf8 34.
Qe2 Qe8 35. f5 gxf5 36. exf5 Ne5 37. Nf4 Rh8 38. Ne6+ Kf7 39. Rf4 Qc6+ 40. Kh3
Rcg8 41. Nd4 Qb7 42. Ref1 Rg7 43. Ne6 Rg4 44. Rxg4 hxg4+ 45. Kh2 Nf3+ 46. Rxf3
Qxf3 47. Ng5+ fxg5 48. Qe6+ Kf8 0-1

[Event "Bernardo Smith Memorial"]
[Site "San Francisco"]
[Date "2005.08.20"]
[Round "1"]
[White "Dunham, Tom"]
[Black "Jasthi, Sreekar"]
[Result "0-1"]
[WhiteElo "1206"]
[BlackElo "1571"]
[PlyCount "50"]
[EventDate "2005.08.20"]
[EventType "swiss"]
[EventRounds "6"]
[EventCountry "USA"]

1. e4 c5 2. Nf3 d6 3. d4 cxd4 4. Nxd4 Nf6 5. Nc3 a6 6. Bg5 e6 7. f4 Be7 8. Qf3
Qc7 9. O-O-O Nc6 10. Be2 Bd7 11. Rhe1 Rc8 12. Kb1 b5 13. a3 Nxd4 14. Rxd4 O-O
15. Bd3 e5 16. Rd5 Be6 17. Bxf6 Bxf6 18. g4 exf4 19. Rh5 Bxc3 20. bxc3 Qxc3 21.
e5 Qxe1+ 22. Kb2 Qc3+ 23. Kc1 g6 24. Qe4 d5 25. Qxf4 Qxd3 0-1

[Event "Bernardo Smith Memorial"]
[Site "San Francisco"]
[Date "2005.08.20"]
[Round "1"]
[White "Duran, Robert"]
[Black "Wu, Edward"]
[Result "0-1"]
[WhiteElo "1507"]
[BlackElo "1796"]
[PlyCount "55"]
[EventDate "2005.08.20"]
[EventType "swiss"]
[EventRounds "6"]
[EventCountry "USA"]

1. d4 e5 2. e4 exd4 3. Bc4 Bb4+ 4. c3 dxc3 5. bxc3 Bc5 6. Bxf7+ Kxf7 7. Qd5+
Kf8 8. Qxc5+ d6 9. Qc4 Nc6 10. Nf3 Nf6 11. O-O Bg4 12. Nbd2 Qe7 13. a4 Bxf3 14.
Nxf3 Qxe4 15. Qa2 Re8 16. Bd2 Qe6 17. Qb2 Qc8 18. Rfe1 h6 19. h3 Kf7 20. Qa2+
Re6 21. Re2 Rhe8 22. Nh4 d5 23. Be3 Ne4 24. Qc2 Qd8 25. Nf5 b6 26. Rae1 Nd6 27.
Nxh6+ Kf8 28. Qh7 {remainder illegible} 0-1

[Event "Bernardo Smith Memorial"]
[Site "San Francisco"]
[Date "2005.08.20"]
[Round "1"]
[White "Hilliard, Michael"]
[Black "Karnad, Joshua"]
[Result "0-1"]
[WhiteElo "1436"]
[BlackElo "1746"]
[PlyCount "92"]
[EventDate "2005.08.20"]
[EventType "swiss"]
[EventRounds "6"]
[EventCountry "USA"]

1. d4 Nf6 2. Nf3 g6 3. e3 Bg7 4. Bd3 O-O 5. b3 d6 6. Bb2 Nfd7 7. Nc3 e5 8. dxe5
dxe5 9. Qd2 c6 10. O-O-O b5 11. h4 Nc5 12. Be4 Qxd2+ 13. Rxd2 f5 14. Bd5+ cxd5
15. Rxd5 Nbd7 16. Nxb5 Bb7 17. Rd2 Nb6 18. Nd6 Bxf3 19. gxf3 Ne6 20. e4 Nc8 21.
exf5 Bh6 22. Nxc8 Rd8 23. Ne7+ Kf8 24. Nxg6+ hxg6 25. Bc3 gxf5 26. Rhd1 Nd4 27.
Kb1 Bxd2 28. Bxd2 Nxf3 29. Bb4+ Kg7 30. Rh1 Rd4 31. Bc3 Rxh4 32. Rxh4 Nxh4 33.
Bxe5+ Kg6 34. f4 Kh5 35. c4 Kg4 36. c5 Ng6 37. Bd6 Nxf4 38. c6 Rc8 39. c7 Ne6
40. b4 Nxc7 41. a4 f4 42. Bxf4 Kxf4 43. Kb2 Rb8 44. Kb3 a5 45. b5 Nxb5 46. axb5
Rxb5+ 0-1

[Event "Bernardo Smith Memorial"]
[Site "San Francisco"]
[Date "2005.08.20"]
[Round "1"]
[White "Howe, Alan"]
[Black "Frost, Evan"]
[Result "1-0"]
[WhiteElo "1645"]
[BlackElo "1240"]
[PlyCount "46"]
[EventDate "2005.08.20"]
[EventType "swiss"]
[EventRounds "6"]
[EventCountry "USA"]

1. d4 d5 2. Nf3 Nf6 3. c4 dxc4 4. Nc3 e6 5. e3 b6 6. Bxc4 Bb7 7. O-O Bd6 8. Qe2
O-O 9. Rd1 Nbd7 10. e4 e5 11. dxe5 Nxe5 12. Nxe5 Qe7 13. Nxf7 Rxf7 14. Bxf7+
Kxf7 15. f3 Qe5 16. g3 h5 17. Bf4 Qc5+ 18. Qe3 Qc6 19. Bxd6 cxd6 20. Rac1 Qd7
21. Nd5 Nxd5 22. exd5 Re8 23. Qf4+ Kg8 1-0

[Event "Bernardo Smith Memorial"]
[Site "San Francisco"]
[Date "2005.08.20"]
[Round "1"]
[White "Krubnik, Ewelina"]
[Black "Chiang, Jim"]
[Result "1-0"]
[WhiteElo "1743"]
[BlackElo "1415"]
[PlyCount "72"]
[EventDate "2005.08.20"]
[EventType "swiss"]
[EventRounds "6"]
[EventCountry "USA"]

1. d4 Nf6 2. c4 d6 3. Nc3 g6 4. e4 Bg7 5. Nf3 O-O 6. Be2 Nbd7 7. O-O e5 8. d5
b6 9. b4 Bb7 10. Ne1 a5 11. Nd3 axb4 12. Nxb4 Nc5 13. f3 Na6 14. Nd3 Nd7 15.
Be3 f5 16. Qc2 f4 17. Bf2 Kh8 18. a4 Nac5 19. Nxc5 Nxc5 20. Rfb1 Ba6 21. a5
bxa5 22. Rxa5 Bb7 23. Rab5 Ba6 24. Ra5 Bb7 25. Rxa8 Bxa8 26. Bxc5 dxc5 27. Na4
Qd6 28. Rb5 c6 29. Rxc5 cxd5 30. cxd5 Bb7 31. Rc3 Rb8 32. h3 Bf8 33. Kh2 Qd8
34. Bf1 Rc8 35. Rxc8 Qxc8 36. Qxc8 Bxc8 {remainder illegible} 1-0

[Event "Bernardo Smith Memorial"]
[Site "San Francisco"]
[Date "2005.08.20"]
[Round "1"]
[White "Laufer, Ben"]
[Black "Woebcke, Carl"]
[Result "0-1"]
[WhiteElo "1487"]
[BlackElo "1751"]
[PlyCount "44"]
[EventDate "2005.08.20"]
[EventType "swiss"]
[EventRounds "6"]
[EventCountry "USA"]

1. d4 d5 2. c4 e6 3. Nc3 Nf6 4. Bf4 Bd6 5. Bxd6 Qxd6 6. e3 a6 7. c5 Qe7 8. Nf3
Nc6 9. Qb3 O-O 10. Be2 Rb8 11. a4 b6 12. Ne5 Nxe5 13. dxe5 Nd7 14. f4 Qxc5 15.
Kf2 f6 16. exf6 Rxf6 17. g3 d4 18. Ne4 dxe3+ 19. Kg1 Qc6 20. Nxf6+ Nxf6 21.
Qxe3 Bb7 22. Rc1 Qg2# 0-1

[Event "Bernardo Smith Memorial"]
[Site "San Francisco"]
[Date "2005.08.20"]
[Round "1"]
[White "Litowsky, Dan"]
[Black "Zhu, Kevin"]
[Result "0-1"]
[WhiteElo "1700"]
[BlackElo "1355"]
[PlyCount "62"]
[EventDate "2005.08.20"]
[EventType "swiss"]
[EventRounds "6"]
[EventCountry "USA"]

1. e4 c5 2. Nc3 Nc6 3. Bc4 g6 4. Nf3 Bg7 5. a3 d6 6. d3 Nf6 7. h3 O-O 8. O-O e6
9. Bg5 Qc7 10. Qd2 Re8 11. Bf4 a6 12. Nd1 b5 13. Ba2 Bb7 14. c3 Rad8 15. Bg5
Rd7 16. Qf4 Nh5 17. Qh4 h6 18. Bd2 d5 19. exd5 exd5 20. Ne3 Ne5 21. Nxe5 Rxe5
22. Ng4 Re2 23. Nxh6+ Kh7 24. Rad1 Bxh6 25. Bxh6 Kxh6 26. g4 Rxb2 27. Bb1 d4
28. c4 bxc4 29. dxc4 Qc6 30. f3 Qd6 31. gxh5 Qh2# 0-1

[Event "Bernardo Smith Memorial"]
[Site "San Francisco"]
[Date "2005.08.20"]
[Round "1"]
[White "Luke, Gary"]
[Black "Marshall, Martin"]
[Result "1/2-1/2"]
[WhiteElo "1820"]
[BlackElo "1981"]
[PlyCount "103"]
[EventDate "2005.08.20"]
[EventType "swiss"]
[EventRounds "6"]
[EventCountry "USA"]

1. d4 Nf6 2. c4 g6 3. Nc3 Bg7 4. e4 d6 5. Be2 O-O 6. Bg5 c6 7. Qd2 Qa5 8. h3
Re8 9. Nf3 Nbd7 10. O-O e5 11. dxe5 dxe5 12. a3 Qc7 13. b4 Nf8 14. Rfd1 Ne6 15.
Be3 Rd8 16. Qc2 Bd7 17. Rab1 b6 18. c5 b5 19. Bf1 h6 20. Kh2 Nd4 21. Qc1 Nxf3+
22. gxf3 Kh7 23. Rd6 Ne8 24. Rd1 f5 25. f4 exf4 26. Bxf4 Be5 27. Bxe5 Qxe5+ 28.
f4 Qc7 29. e5 Be6 30. Bg2 Rxd1 31. Nxd1 Rd8 32. Qc3 Ng7 33. Bf3 Bd5 34. Bxd5
Rxd5 35. Ne3 Rd7 36. Rd1 Ne6 37. Rd6 Re7 38. Kg3 Qc8 39. Qd3 Qe8 40. Nc2 Rf7
41. Nd4 Nxd4 42. Qxd4 g5 43. e6 Rg7 44. Rd7 Qg6 45. Rxg7+ Qxg7 46. Qd7 Kg6 47.
fxg5 Qc3+ 48. Kf2 Qb2+ 49. Ke3 Qxa3+ 50. Kd2 Qxb4+ 51. Ke2 Qc4+ 52. Kd2 1/2-1/2

[Event "Bernardo Smith Memorial"]
[Site "San Francisco"]
[Date "2005.08.20"]
[Round "1"]
[White "Martin, John"]
[Black "Salvo, Tab"]
[Result "0-1"]
[WhiteElo "1304"]
[BlackElo "1651"]
[PlyCount "78"]
[EventDate "2005.08.20"]
[EventType "swiss"]
[EventRounds "6"]
[EventCountry "USA"]

1. d4 Nf6 2. Nf3 g6 3. c4 d6 4. Nc3 Bg7 5. h3 O-O 6. e4 Na6 7. Be2 c5 8. d5 Nc7
9. O-O Re8 10. Rb1 Nd7 11. Bd2 Nf8 12. Qc1 Bd7 13. Bf4 f6 14. Re1 a6 15. Bd3 b5
16. cxb5 axb5 17. a3 c4 18. Bc2 Na6 19. Bd2 Nc5 20. Nd4 Rb8 21. b3 Qc7 22. bxc4
bxc4 23. Ndb5 Bxb5 24. Nxb5 Qd7 25. Nd4 e6 26. dxe6 Nfxe6 27. Nxe6 Qxe6 28. Bb4
Qe5 29. Qe3 Rbc8 30. Rbd1 Bf8 31. Bc3 Qe7 32. Qf3 Bg7 33. e5 dxe5 34. Qd5+ Qe6
35. Qxe6+ Nxe6 36. Be4 Kh8 37. Bd5 Nf4 38. Bxc4 Rxc4 39. Rd5 Nxd5 0-1

[Event "Bernardo Smith Memorial"]
[Site "San Francisco"]
[Date "2005.08.20"]
[Round "1"]
[White "Schwarz, Daniel"]
[Black "Oza, Nikunj"]
[Result "1-0"]
[WhiteElo "2158"]
[BlackElo "1856"]
[PlyCount "75"]
[EventDate "2005.08.20"]
[EventType "swiss"]
[EventRounds "6"]
[EventCountry "USA"]

1. e4 e5 2. Nf3 Nf6 3. Nxe5 d6 4. Nf3 Nxe4 5. d4 d5 6. Bd3 Nc6 7. O-O Bg4 8.
Re1 Be7 9. c4 Nf6 10. Be3 O-O 11. Nbd2 Nb4 12. Be2 Bf5 13. Ne5 Nc2 14. g4 Nxe1
15. gxf5 Qc8 16. Qxe1 Qxf5 17. Bd3 Qh5 18. Qe2 Qxe2 19. Bxe2 dxc4 20. Bxc4 Rad8
21. Rc1 c6 22. Nb1 Nd5 23. Nc3 Nb6 24. Bb3 Bf6 25. Rd1 g6 26. Ne4 Bxe5 27. dxe5
Rxd1+ 28. Bxd1 Nc4 29. Bc5 Rd8 30. Bb3 Nxe5 31. Kf1 b6 32. Be7 Rd4 33. Nf6+ Kg7
34. Ne8+ Kg8 35. Bf6 Rd7 36. Bxe5 Re7 37. Nf6+ Kg7 38. Bc3 1-0

[Event "Bernardo Smith Memorial"]
[Site "San Francisco"]
[Date "2005.08.20"]
[Round "1"]
[White "Wu, Chris"]
[Black "Chan, John"]
[Result "0-1"]
[WhiteElo "1228"]
[BlackElo "1644"]
[PlyCount "88"]
[EventDate "2005.08.20"]
[EventType "swiss"]
[EventRounds "6"]
[EventCountry "USA"]

1. e4 c5 2. c3 Nc6 3. Nf3 d6 4. Bb5 Bd7 5. O-O a6 6. Ba4 Nf6 7. Re1 e5 8. d3 h6
9. Bb3 b5 10. d4 c4 11. Bc2 Bg4 12. d5 Ne7 13. b3 cxb3 14. Bxb3 g5 15. a4 bxa4
16. Bxa4+ Nd7 17. Bb3 Bg7 18. Ba3 Qc7 19. Qd3 O-O 20. Bc4 a5 21. Nbd2 Ng6 22.
h3 Nf4 23. Qe3 Bxf3 24. Qxf3 Nc5 25. Rab1 Rab8 26. Red1 a4 27. Rb4 Ng6 28. Rdb1
Nh4 29. Qg3 Ng6 30. Qf3 Rxb4 31. Rxb4 Qc8 32. Rb6 Rd8 33. Rc6 Qb8 34. Qd1 Ne7
35. Bxc5 Nxc6 36. dxc6 dxc5 37. Bd5 a3 38. Qa4 Qb2 39. c7 Rf8 40. Nc4 Qb1+ 41.
Kh2 a2 42. Bxf7+ Kh8 43. Nxe5 Bxe5+ 44. g3 a1=Q 0-1

[Event "Bernardo Smith Memorial"]
[Site "San Francisco"]
[Date "2005.08.20"]
[Round "2"]
[White "Da Cruz, Michael"]
[Black "Young, Greg"]
[Result "1-0"]
[WhiteElo "1800"]
[BlackElo "1871"]
[PlyCount "49"]
[EventDate "2005.08.20"]
[EventType "swiss"]
[EventRounds "6"]
[EventCountry "USA"]

1. e4 d5 2. exd5 Qxd5 3. d4 c5 4. Nf3 Bg4 5. Nc3 Qh5 6. Be2 cxd4 7. Qxd4 Nc6 8.
Qa4 Rc8 9. Be3 a6 10. h3 Bd7 11. O-O-O Nf6 12. Ng5 Qg6 13. Bd3 Bf5 14. Bxf5
Qxf5 15. Qb3 Nd7 16. g4 Qg6 17. Qxb7 Rd8 18. Nd5 e5 19. h4 h5 20. f4 Rb8 21.
Nf6+ Nxf6 22. Qxc6+ Ke7 23. Qd6+ Ke8 24. Qxb8+ Ke7 25. Qxe5# 1-0

[Event "Bernardo Smith Memorial"]
[Site "San Francisco"]
[Date "2005.08.20"]
[Round "2"]
[White "Frost, Evan"]
[Black "Duran, Robert"]
[Result "0-1"]
[WhiteElo "1240"]
[BlackElo "1507"]
[PlyCount "54"]
[EventDate "2005.08.20"]
[EventType "swiss"]
[EventRounds "6"]
[EventCountry "USA"]

1. d4 d5 2. Nf3 Nf6 3. Bg5 Nbd7 4. Nbd2 e6 5. e3 b6 6. c4 Bb7 7. Bd3 Be7 8. Qc2
O-O 9. h4 h6 10. Ne5 Nxe5 11. dxe5 Ne4 12. Bxe7 Qxe7 13. Nxe4 dxe4 14. Bxe4
Qb4+ 15. Ke2 Bxe4 16. Qxe4 Qxb2+ 17. Kf3 Rad8 18. Qf4 Rd2 19. Qg3 Rfd8 20. Rhf1
Rc2 21. Qf4 Rdd2 22. Rab1 Rxf2+ 23. Kg3 Rxg2+ 24. Kf3 Rcf2+ 25. Ke4 Rxf4+ 26.
Kxf4 Qc2 27. a3 {unknown move by W here} Qf5# 0-1

[Event "Bernardo Smith Memorial"]
[Site "San Francisco"]
[Date "2005.08.20"]
[Round "2"]
[White "Lam, Dickson"]
[Black "Zhu, Jessica"]
[Result "1-0"]
[WhiteElo "1343"]
[BlackElo "1058"]
[PlyCount "106"]
[EventDate "2005.08.20"]
[EventType "swiss"]
[EventRounds "6"]
[EventCountry "USA"]

1. Nf3 Nf6 2. g3 g6 3. Bg2 Bg7 4. O-O O-O 5. d3 Nc6 6. e4 e5 7. Nbd2 d6 8. a4
Be6 9. Ng5 Qd7 10. Nxe6 Qxe6 11. Nf3 a6 12. c3 b5 13. Ng5 Qd7 14. f4 exf4 15.
Bxf4 Ne5 16. d4 Nc4 17. e5 dxe5 18. dxe5 Qxd1 19. Rfxd1 Rac8 20. exf6 Bxf6 21.
Rd7 bxa4 22. Ne4 Bg7 23. Rxc7 Rxc7 24. Bxc7 Nxb2 25. Rb1 Nc4 26. Rb4 Ne5 27.
Bxe5 Bxe5 28. c4 f5 29. Nf2 a3 30. Ra4 Bb2 31. Nd3 Rb8 32. Rb4 Rxb4 33. Nxb4 a5
34. Na2 Kf7 35. Kf2 Ke6 36. Ke3 Kd6 37. Kd3 Kc5 38. Bd5 h5 39. h4 Be5 40. Bf7
Bxg3 41. Bxg6 Bxh4 42. Bxf5 Bg5 43. Be6 h4 44. Bd5 h3 45. Kc3 h2 46. Kb3 Bf4
47. Kxa3 Kd4 48. Ka4 Ke3 49. Nc1 Kf2 50. Nd3+ Kg3 51. Nxf4 Kxf4 52. Kxa5 Kg3
53. Kb6 Kf2 1-0

[Event "Bernardo Smith Memorial"]
[Site "San Francisco"]
[Date "2005.08.20"]
[Round "2"]
[White "Lee, Andy"]
[Black "Sanguinetti, George"]
[Result "1-0"]
[WhiteElo "2270"]
[BlackElo "1978"]
[PlyCount "73"]
[EventDate "2005.08.20"]
[EventType "swiss"]
[EventRounds "6"]
[EventCountry "USA"]

1. d4 Nf6 2. c4 e6 3. Nc3 Bb4 4. e3 c5 5. Nge2 O-O 6. a3 Bxc3+ 7. Nxc3 b6 8.
Be2 Bb7 9. O-O d6 10. b4 Nc6 11. Rb1 Qe7 12. d5 Ne5 13. bxc5 dxc5 14. e4 Rfd8
15. f4 Nc6 16. e5 Nd7 17. Bf3 Qf8 18. Qe1 Rab8 19. Ne4 Ne7 20. Nd6 Ba8 21. Qd1
Nc8 22. Nb5 a6 23. Nc7 exd5 24. Nxa8 Rxa8 25. cxd5 b5 26. Qe1 c4 27. d6 Rb8 28.
Be3 Qe8 29. Qa5 Nxd6 30. Ba7 Nb7 31. Qxa6 Nbc5 32. Qd6 Nb3 33. Bc6 Ndc5 34.
Bxe8 Rxd6 35. Bxb8 Rb6 36. Ba7 Rb7 37. Bxc5 1-0

[Event "Bernardo Smith Memorial"]
[Site "San Francisco"]
[Date "2005.08.20"]
[Round "2"]
[White "Marshall, Martin"]
[Black "Perepelitsky, Philipp"]
[Result "0-1"]
[WhiteElo "1981"]
[BlackElo "2066"]
[PlyCount "94"]
[EventDate "2005.08.20"]
[EventType "swiss"]
[EventRounds "6"]
[EventCountry "USA"]

1. e4 d6 2. f4 Nf6 3. Nc3 g6 4. Nf3 Bg7 5. d3 Bg4 6. Be2 c5 7. h3 Bxf3 8. Bxf3
Nc6 9. g4 O-O 10. Be3 Nd4 11. Bg2 Rb8 12. O-O b5 13. Qd2 b4 14. Ne2 Nd7 15. Ng3
Nb5 16. Rae1 a5 17. Ne2 Nd4 18. Rf2 a4 19. c4 b3 20. a3 Nc2 21. Rf3 Qb6 22. Bf2
Nd4 23. Nxd4 cxd4 24. Bh4 Rfe8 25. g5 e6 26. Rd1 d5 27. cxd5 exd5 28. e5 Rbc8
29. Rc1 Rxc1+ 30. Qxc1 Re6 31. Qc8+ Nf8 32. Rf2 Rc6 33. Qa8 Qb5 34. Qd8 Qxd3
35. Bxd5 Rc1+ 36. Kg2 Qf5 37. Qe8 Rc2 38. Bg3 d3 39. Qxa4 d2 40. Bxb3 d1=Q 41.
Bxc2 Qd5+ 42. Kh2 Qfd7 43. Qb4 Q7c6 44. Qe1 Ne6 45. Re2 Nd4 46. Be4 Qxe4 47.
Rxe4 Nf3+ 0-1

[Event "Bernardo Smith Memorial"]
[Site "San Francisco"]
[Date "2005.08.20"]
[Round "2"]
[White "Oza, Nikunj"]
[Black "Perepelitsky, Edward"]
[Result "0-1"]
[WhiteElo "1856"]
[BlackElo "1974"]
[PlyCount "84"]
[EventDate "2005.08.20"]
[EventType "swiss"]
[EventRounds "6"]
[EventCountry "USA"]

1. d4 Nf6 2. Nf3 g6 3. c3 Bg7 4. Bf4 d6 5. Nbd2 Nbd7 6. e4 O-O 7. Bc4 Nh5 8.
Bg5 h6 9. Bh4 Nf4 10. O-O Re8 11. Qb3 Rf8 12. Rfe1 Nb6 13. Bf1 a5 14. Rad1 Bd7
15. Qc2 Qe8 16. Nc4 Nxc4 17. Bxc4 e5 18. dxe5 dxe5 19. Rd2 a4 20. Red1 Bg4 21.
a3 Qc6 22. Ba2 Kh7 23. Bg3 Nh3+ 24. Kh1 Bxf3 25. gxf3 Qf6 26. Kg2 Ng5 27. Rd3
h5 28. Qe2 Ne6 29. Bxe6 fxe6 30. Rd7 h4 31. Rxc7 Rad8 32. Rxb7 hxg3 33. fxg3
Rxd1 34. Qxd1 g5 35. h3 Qh6 36. Qxa4 g4 37. f4 Qxh3+ 38. Kf2 exf4 39. Qd4 fxg3+
40. Ke2 Rf2+ 41. Ke3 Qh6+ 42. Kd3 Rd2+ 0-1

[Event "Bernardo Smith Memorial"]
[Site "San Francisco"]
[Date "2005.08.20"]
[Round "2"]
[White "Pruess, David"]
[Black "Schwarz, Daniel"]
[Result "1-0"]
[WhiteElo "2429"]
[BlackElo "2158"]
[PlyCount "31"]
[EventDate "2005.08.20"]
[EventType "swiss"]
[EventRounds "6"]
[EventCountry "USA"]

1. d4 f5 2. Nc3 d5 3. Bg5 h6 4. Bf4 Nf6 5. Nf3 e6 6. e3 Bd6 7. Ne5 O-O 8. g4
Bxe5 9. dxe5 Ne4 10. Nxe4 fxe4 11. h4 g5 12. hxg5 hxg5 13. Bg3 Nc6 14. Qd2 Bd7
15. f4 exf3 16. Qh2 1-0

[Event "Bernardo Smith Memorial"]
[Site "San Francisco"]
[Date "2005.08.20"]
[Round "2"]
[White "Purcell, Brendan"]
[Black "Luke, Gary"]
[Result "0-1"]
[WhiteElo "1825"]
[BlackElo "1820"]
[PlyCount "110"]
[EventDate "2005.08.20"]
[EventType "swiss"]
[EventRounds "6"]
[EventCountry "USA"]

1. e4 c5 2. Nf3 Nc6 3. d4 cxd4 4. Nxd4 e5 5. Nb5 a6 6. Nd6+ Bxd6 7. Qxd6 Qf6 8.
Qd1 d6 9. Nc3 Be6 10. Be3 Nge7 11. Qd2 Qg6 12. O-O-O Rd8 13. f3 O-O 14. Nd5 f5
15. Bg5 Rfe8 16. Nc7 Rf8 17. Nxe6 Qxe6 18. b3 b5 19. exf5 Rxf5 20. Bd3 Rf7 21.
Bxe7 Nxe7 22. Qa5 Qc8 23. Be4 d5 24. Qd2 Rff8 25. Bd3 e4 26. Be2 e3 27. Qxe3
Nf5 28. Qd2 d4 29. Bd3 Ne3 30. Rde1 Qc5 31. Be4 Rc8 32. Rxe3 dxe3 33. Qd5+ Rf7
34. Qxc5 Rxc5 35. Re1 Rc3 36. Bd5 Kf8 37. Bxf7 Kxf7 38. Rd1 Ke6 39. Rd3 e2 40.
Kd2 Rxc2+ 41. Ke1 Rxa2 42. Re3+ Kd5 43. Re7 a5 44. Rxg7 a4 45. bxa4 b4 46. Rxh7
b3 47. Rb7 b2 48. h4 Ra1+ 49. Kxe2 b1=Q 50. Rxb1 Rxb1 51. g4 Ke5 52. h5 Kf4 53.
a5 Ra1 54. h6 Rxa5 55. h7 Ra8 0-1

[Event "Bernardo Smith Memorial"]
[Site "San Francisco"]
[Date "2005.08.20"]
[Round "2"]
[White "Tamondong, Cesar"]
[Black "Belanoff, Ted"]
[Result "0-1"]
[WhiteElo "1511"]
[BlackElo "1655"]
[PlyCount "97"]
[EventDate "2005.08.20"]
[EventType "swiss"]
[EventRounds "6"]
[EventCountry "USA"]

1. d4 f5 2. Nf3 Nf6 3. Bg5 g6 4. e3 Bg7 5. Bc4 d5 6. Bd3 Ne4 7. Bf4 Nc6 8. Bb5
Bd7 9. Bxc6 Bxc6 10. Ne5 Bd7 11. h4 e6 12. f3 Nf6 13. Bg5 c6 14. Nc3 Qb6 15.
Qd2 O-O-O 16. Nf7 h6 17. Bxf6 Bxf6 18. Nxh8 Rxh8 19. Na4 Qb5 20. b3 e5 21. c3
exd4 22. cxd4 Re8 23. Nc3 Qb6 24. Rc1 Kd8 25. f4 Bxd4 26. Rh3 Bxe3 27. Rxe3
Qxe3+ 28. Qxe3 Rxe3+ 29. Kf2 Rd3 30. Ke2 Rg3 31. Kf2 Rg4 32. g3 g5 33. fxg5
hxg5 34. h5 f4 35. Ne2 fxg3+ 36. Nxg3 Rh4 37. Rh1 Rxh1 38. Nxh1 Ke7 39. Ke3 Kf6
40. Ng3 Bg4 41. b4 Kg7 42. a3 Kh6 43. Kd4 Bxh5 44. Nf5+ Kg6 45. Nd6 g4 46. Nxb7
g3 47. Kc5 g2 48. Kxc6 g1=Q 49. a4 0-1

[Event "Bernardo Smith Memorial"]
[Site "San Francisco"]
[Date "2005.08.20"]
[Round "2"]
[White "Tsai, Chris"]
[Black "Dunham, Tom"]
[Result "1/2-1/2"]
[WhiteElo "1491"]
[BlackElo "1206"]
[PlyCount "57"]
[EventDate "2005.08.20"]
[EventType "swiss"]
[EventRounds "6"]
[EventCountry "USA"]

1. d4 d5 2. Nf3 Nf6 3. Bg5 Ne4 4. Bf4 c6 5. Nbd2 Qa5 6. c3 Nf6 7. e3 Nbd7 8.
Bd3 e6 9. h3 Be7 10. Qc2 h6 11. Ne5 Nh5 12. Bg6 Nxf4 13. Bxf7+ Kd8 14. exf4
Nxe5 15. dxe5 g5 16. Nb3 Qb6 17. fxg5 Bxg5 18. Nd4 c5 19. Nf3 Bd7 20. Nxg5 hxg5
21. O-O Kc7 22. a3 Raf8 23. Bg6 Bb5 24. Rfc1 c4 25. Rab1 Ba4 26. Qxa4 Qxf2+ 27.
Kh1 Rxh3+ 28. gxh3 Qf3+ 29. Kh2 1/2-1/2

[Event "Bernardo Smith Memorial"]
[Site "San Francisco"]
[Date "2005.08.20"]
[Round "2"]
[White "Vayntrub, Dmitry"]
[Black "Aigner, Michael"]
[Result "1-0"]
[WhiteElo "2075"]
[BlackElo "2285"]
[PlyCount "77"]
[EventDate "2005.08.20"]
[EventType "swiss"]
[EventRounds "6"]
[EventCountry "USA"]

1. e4 c5 2. Nc3 Nc6 3. f4 g6 4. Nf3 Bg7 5. Bb5 Nd4 6. Nxd4 cxd4 7. Ne2 Qb6 8.
Bd3 Nf6 9. b3 d6 10. Bb2 Nd7 11. a4 a6 12. a5 Qa7 13. b4 b5 14. O-O Nb8 15. Kh1
Nc6 16. Ba3 O-O 17. Qe1 Bb7 18. Qh4 Rae8 19. Rae1 e5 20. f5 f6 21. c4 dxc3 22.
dxc3 g5 23. Qh5 Nd8 24. c4 Bc6 25. Qf3 Nf7 26. cxb5 axb5 27. Nc3 Qb7 28. Bb1 d5
29. exd5 Bd7 30. Ne4 Qb8 31. Nc5 Re7 32. Bc1 Nd6 33. Be3 Nc4 34. Rd1 Kh8 35.
Ne6 Rg8 36. Bc5 Ree8 37. Nxg5 fxg5 38. f6 g4 39. Qe4 1-0

[Event "Bernardo Smith Memorial"]
[Site "San Francisco"]
[Date "2005.08.20"]
[Round "2"]
[White "Vora, Partha"]
[Black "Krubnik, Ewelina"]
[Result "1-0"]
[WhiteElo "1536"]
[BlackElo "1743"]
[PlyCount "54"]
[EventDate "2005.08.20"]
[EventType "swiss"]
[EventRounds "6"]
[EventCountry "USA"]

1. e4 e5 2. Nf3 Nc6 3. d4 exd4 4. Nxd4 Bc5 5. Be3 Nxd4 6. Bxd4 Bxd4 7. Qxd4 Qf6
8. e5 Qg6 9. Qc4 Qb6 10. Qc3 Ne7 11. Nd2 O-O 12. Bd3 Nd5 13. Bxh7+ Kxh7 14.
Qd3+ Kg8 15. Qxd5 Qxb2 16. O-O c6 17. Qe4 Re8 18. Rfe1 d5 19. Qf4 Qxc2 20. Nf3
Qf5 21. Qd2 Qh5 22. Re3 Bg4 23. h3 Bxf3 24. Rxf3 Rxe5 25. Rb1 Re7 26. Rg3 Rae8
27. Rbb3 Qh7 {remainder illegible} 1-0

[Event "Bernardo Smith Memorial"]
[Site "San Francisco"]
[Date "2005.08.20"]
[Round "2"]
[White "Wilson, Stephen"]
[Black "Laufer, Ben"]
[Result "0-1"]
[WhiteElo "1140"]
[BlackElo "1487"]
[PlyCount "72"]
[EventDate "2005.08.20"]
[EventType "swiss"]
[EventRounds "6"]
[EventCountry "USA"]

1. e4 e5 2. Nf3 Nc6 3. Bb5 a6 4. Bxc6 dxc6 5. O-O Bg4 6. d3 Nf6 7. Be3 c5 8.
Nbd2 b5 9. c3 Be7 10. a3 {nam} Qxd3 11. Nxe5 Bxd1 12. Nxd3 Be2 13. Rfe1 Bxd3
14. e5 Nd5 15. Nf1 Nxe3 16. Nxe3 c4 17. Nd5 Rc8 18. Nf4 Rd8 19. Nh5 O-O 20. Nf4
Bg5 21. e6 Rfe8 22. exf7+ Kxf7 23. Nxd3 cxd3 24. Kf1 Re2 25. g3 Rxb2 26. Kg2
Rc2 27. a4 d2 28. f4 Bf6 29. axb5 axb5 30. Ra7 Rd7 31. Kf2 Bxc3 32. Ke2 Rc1 33.
Rb7 Re7+ 34. Kd3 Rcxe1 35. Kxc3 Rd7 36. Rxc7 Rc1+ 0-1

[Event "Bernardo Smith Memorial"]
[Site "San Francisco"]
[Date "2005.08.20"]
[Round "2"]
[White "Woebcke, Carl"]
[Black "Parker, Harold"]
[Result "1-0"]
[WhiteElo "1751"]
[BlackElo "1540"]
[PlyCount "88"]
[EventDate "2005.08.20"]
[EventType "swiss"]
[EventRounds "6"]
[EventCountry "USA"]

1. e4 e5 2. f4 exf4 3. Nf3 d5 4. exd5 Nf6 5. Bb5+ c6 6. dxc6 bxc6 7. Bc4 Bd6 8.
O-O O-O 9. d4 Bg4 10. Qd3 Nbd7 11. Nc3 h6 12. Nh4 Kh8 13. Nf5 Bxf5 14. Qxf5 Nb6
15. Bd3 Bc7 16. Bxf4 Qxd4+ 17. Kh1 g6 18. Qh3 Bxf4 19. Ne2 Qd7 20. Nxf4 Qxh3
21. Nxh3 Kg7 22. Rf3 Nbd7 23. Raf1 Nd5 24. Nf4 Ne5 25. Rg3 Nxf4 26. Rxf4 Nxd3
27. Rxd3 Rad8 28. Rfd4 Rxd4 29. Rxd4 Re8 30. Kg1 Re2 31. Rc4 Re6 32. Kf2 f5 33.
Ra4 Re7 34. Ra6 c5 35. Rc6 Re5 36. Rc7+ Kf6 37. Rxa7 h5 38. h4 g5 39. Ra6+ Kf7
40. hxg5 f4 41. Rf6+ Kg7 42. a4 Rxg5 43. Rxf4 Rd5 44. Ke3 Rg5 1-0